Quizzes
Events
Quiz Creation
Community
Videos
Private Events
Remove Ads
Sign In
Join for FREE
Feedback
Dark Mode
Quiz Categories
Sports
Geography
Music
Movies
Television
Just For Fun
Miscellaneous
History
Literature
Language
Science
Gaming
Entertainment
Religion
Holiday
For Kids
Quiz Lab
Recent
Popular Today
Quiz Kudos Today
Editor Picks
Curator Picks
Quizzes by...
Day
Popularity
Type
Ratings
Length
Year
Community
Subscriptions
Recent Discussions
Orange Saloon
Badges
Playlists
Quests
Create
Leaderboards
Showdown
Live 5
Trivia Bingo
Activity
Puzzle Library
Sporcle Events
Private Events
Virtual Trivia
Globe League
Become a Host
Pub Owners
SporcleCon
Opinionation
Our Games
Videos
Blog
Mobile Apps
Partnerships
Remove Ads and Go Orange
Feedback
Just For Fun
Clickable
Get the Picture
Humor
Quick Pick
Word Ladder
Missing Word
Mixed Word
Blitz
Minefield
This or That
Alphabet
Color
Typing
Sporcle
Puzzle
Word Play
Follow That Line
Logic
Just For Fun
Clickable
Get the Picture
Humor
Quick Pick
Word Ladder
Missing Word
Mixed Word
Blitz
Minefield
This or That
Alphabet
Color
Typing
Sporcle
Puzzle
Word Play
Follow That Line
Logic
Random Quiz
Search Sporcle
×
Quiz Lab
Quiz Lab
Just For Fun
pancake
Type in answers that appear in a list
Type in answers that appear in a list
Classic
Best Score? Go Orange.
The Pancake Quiz Stats
Can you name the The Pancake Quiz?
By
IOWAHAWKEYE10
2m
5 Questions
201 Plays
201 Plays
201 Plays
Comments
Comments
Give Quiz Kudos
Give Quiz Kudos
-
- Ratings
hide this ad
Minefield
Wrong answers will end the quiz
Wrong answers will end the quiz
Wrong Answers
Some wrong answers will appear in red
Some wrong answers will appear in red
Replay
Link that replays current quiz
Next Quiz
Link to next quiz in quiz playlist
You Got
0%
They Got
Avg Score
73%
Avg Friend Score
Upgrade to see
Score Distribution
Jump to the score distribution portion of the page
Score
0/5
Timer
02:00
0
Plays Today
Question
% Correct
What melts that can be put on pancakes ?
???
94.5%
What kind of tree does syrup come from?
???
89.1%
What is a liquid like substance that comes from trees that you put on pancakes ?
???
81.6%
What is the opposite of pancakes?
???
53.7%
Who makes pancakes that you can put in the toaster?
???
48.8%
Quiz Playlist
Details
Report
Send in Message
Add To Playlist
Classic:
Type in answers that appear in a list
Minefield:
Wrong answers will end the quiz
Wrong Answers:
Some wrong answers will appear in red
Last Updated: Feb 16, 2017
Quiz Scoreboard
CHALLENGE
Sign Up to Join the Scoreboard
Show All
Scores
Hide
Comments
May contain spoilers
Recently Published
Billboard Blitz: Fleetwood Mac
by CooCooCachoo
Music
15s
Presidents Visiting Landmarks
by Hejman
History
7m
An Introduction to Baseball
by treessimontrees
Sports
5m
More to Explore
Quiz From the Vault
Featured Blog Post
Where Did the Easter Bunny Come From?
hide this ad
You Might Also Like...
Tags
pancake
Today's Top Quizzes in Just For Fun
Browse Just For Fun
hide this ad
Today's Top Quizzes in pancake
Browse pancake
Top Contributed Quizzes in Just For Fun
1
Killer Double Trees 224 - Colour Match-Up
2
Crossword Whiteout! 49
3
Spring Typing Challenge
4
Zeroing In: Just For Fun
5
Harry Potter Logic - 'In Chains' II
6
Kyle's 122nd Triple Trees
7
Word Ladder: Ahoy Matey
8
Survivor Winners Logic Puzzle
9
Word Ladder: Wilderness Weapon
10
Edinburgh Fringe jokes 2015
Explore More
Trending Topics
Disney
Harry Potter
Crossword
Marvel
NBA
Kpop
Anime
Puzzle
Pokémon
Country
The Office
WWE
Soccer
NFL
Song
hide this ad
More By:
IOWAHAWKEYE10
Quiz
Plays
Rating
Category
Featured
Created
Guess My Birthday!
1,865
1.67
Just For Fun
Jan 1, 2012
Army Ranks
1,412
1.60
History
Jul 4, 2011
Stupid Answers to Jokes
892
1.56
Just For Fun
Oct 14, 2011
Walt Disney Myths
739
2.00
Just For Fun
May 28, 2011
Countries by Clue !
501
2.63
Geography
Jun 11, 2011
Go to Creator's Profile
Score Distribution
Quiz Creator Spotlight
IOWAHAWKEYE10
Follow
Send a Message
Quizzes Created
-
Created Quiz Play Count
-
More By This Creator
Popular Quizzes Today
1
Find the US States - No Outlines Minefield
2
Find the Countries of Europe - No Outlines Minefield
3
The Countries of the World
4
Find the US States
5
US States
6
Risky Map Clicking: Biggest States A-Z
7
Popular People in 1961
8
Movies - When Are They Set?
More Just For Fun Quizzes
Quick Pick: World Series Winners (2000s)
Published
Trending Quizzes
Risky Map Clicking: Least Populous States A-Z
1-10 Letter G Words
1-10 Letter F Words
Risky Map Clicking: Next State Alphabetically
Risky Map Clicking: Biggest States A-Z
Recently Updated
Leaping Animals
pecheneg
Reality TV Shows (A-Z)
bhenderson79
Rickey Henderson's Hall of Fame Teammates
pecheneg
Champions League XIs: Arsenal
pecheneg
Quick Pick: Celebrities in WWE's Hall of Fame
aduchscher
A-Z Keypad Blitz II
pecheneg
Multiple Oscar Actors
pecheneg
Mystery Phrase Blitz: Oscar 'Best Actors'
pecheneg
F. Scott Fitzgerald Novels
LTH
Pick 3 Villains
ddd62291
Trending Topics
NBA
Marvel
Kpop
Harry Potter
Crossword
Disney
Anime
Soccer
Country
Puzzle
Pokémon
Song
WWE
NFL
The Office
Your Account Isn't Verified!
In order to create a playlist on Sporcle, you need to verify the email address you used during registration. Go to your
Sporcle Settings
to finish the process.
Report this User
Report this user for behavior that violates our
Community Guidelines
.
Details:
Send Report
Go to the Sporcle.com Mobile Site →
Comments